Movies Quiz

Random Movies Quiz

Anchorman Characters by Picture Quiz Stats

 Plays Quiz not verified by Sporcle

Challenge
Share
Tweet
Score 0/13 Timer 04:00
0 Plays Today
Picture Number Character % Correct
1Ron Burgundy
99.4%
4Baxter
85.3%
5Brick Tamland
83.4%
3Champ Kind
81%
6Brian Fantana
79.8%
8Veronica Corningstone
73.6%
12Wes Mantooth
62.6%
7Ed Harken
49.1%
11Tino
30.7%
13Garth Holliday
29.4%
9Bartender
27.6%
2Arturo Mendes
17.2%
10Frank Vitchard
12.3%

You're not logged in!

Compare scores with friends on all Sporcle quizzes.
Join for Free
OR
Log In

You Might Also Like...

Show Comments

Extras

Created Aug 26, 2011SourceReportFavoriteNominate
Tags:anchorman

Top Quizzes Today


Score Distribution

Your Account Isn't Verified!

In order to create a playlist on Sporcle, you need to verify the email address you used during registration. Go to your Sporcle Settings to finish the process.

Report this User

Report this user for behavior that violates our Community Guidelines.

Details: